000 00435nam a2200169Ia 4500
003 LK-CoDNM
005 20230822102607.0
008 t xxu||||| |||| 00| 0 sin d
040 _aLK-CoDNM
_dLK-CoDNM
_eLK-CoDNM
041 _asin
_aPali
080 _aR
_b4
245 _aසුභසූත්‍ර සන්නය
246 _aSubhasuthra Sannaya
300 _aPalm leaf,Foll 140,11in.x2in.
500 _aIncomplete
942 _cPL
999 _c77986
_d77986